<?xml version="1.0" encoding="UTF-8"?>
<record
    xmlns:xsi="http://www.w3.org/2001/XMLSchema-instance"
    xsi:schemaLocation="http://www.loc.gov/MARC21/slim http://www.loc.gov/standards/marcxml/schema/MARC21slim.xsd"
    xmlns="http://www.loc.gov/MARC21/slim">

  <leader>00616nam a22001577a 4500</leader>
  <controlfield tag="003">LRUA</controlfield>
  <controlfield tag="005">20221010131548.0</controlfield>
  <controlfield tag="008">221010b        xxu||||| |||| 00| 0 eng d</controlfield>
  <datafield tag="040" ind1=" " ind2=" ">
    <subfield code="c">RUA</subfield>
  </datafield>
  <datafield tag="082" ind1=" " ind2=" ">
    <subfield code="2">AGR NAS 2019 B1.590 Or.</subfield>
  </datafield>
  <datafield tag="100" ind1=" " ind2=" ">
    <subfield code="9">15345</subfield>
    <subfield code="a">NA ASMBO &#x178E;&#x17B6;&#x200B; &#x179F;&#x17C6;&#x1794;&#x17BC;&#x179A;</subfield>
  </datafield>
  <datafield tag="245" ind1=" " ind2=" ">
    <subfield code="a">DETECTION OF GREEN LEAFHOPPER AS A VECTOR OF RICE ORANGE LEAF PHYTOPLASMA DISEASE ON RICE. &#x1780;&#x17B6;&#x179A;&#x179F;&#x17B7;&#x1780;&#x17D2;&#x179F;&#x17B6;&#x1797;&#x17D2;&#x1793;&#x17B6;&#x1780;&#x17CB;&#x1784;&#x17B6;&#x179A;&#x1785;&#x1798;&#x17D2;&#x179B;&#x1784;&#x1798;&#x1798;&#x17B6;&#x1785;&#x1781;&#x17C0;&#x1791;&#x17C5;&#x179B;&#x17BE;&#x1787;&#x17C6;&#x1784;&#x17BA;RICE ORANGE LEAF PHYTOPLASMA</subfield>
  </datafield>
  <datafield tag="260" ind1=" " ind2=" ">
    <subfield code="a">Phnom Penh</subfield>
    <subfield code="b">RUA</subfield>
    <subfield code="c">2019</subfield>
  </datafield>
  <datafield tag="300" ind1=" " ind2=" ">
    <subfield code="a">IX.28P</subfield>
    <subfield code="b">VII</subfield>
    <subfield code="c">29CM</subfield>
  </datafield>
  <datafield tag="942" ind1=" " ind2=" ">
    <subfield code="2">ddc</subfield>
    <subfield code="c">AGR</subfield>
  </datafield>
  <datafield tag="999" ind1=" " ind2=" ">
    <subfield code="c">20597</subfield>
    <subfield code="d">20597</subfield>
  </datafield>
  <datafield tag="952" ind1=" " ind2=" ">
    <subfield code="0">0</subfield>
    <subfield code="1">0</subfield>
    <subfield code="2">ddc</subfield>
    <subfield code="4">0</subfield>
    <subfield code="6">AGR_NAS_2019_000000000000000_B1_590_OR</subfield>
    <subfield code="7">0</subfield>
    <subfield code="9">91723</subfield>
    <subfield code="a">LBB</subfield>
    <subfield code="b">LBB</subfield>
    <subfield code="c">B1.590</subfield>
    <subfield code="d">2022-10-10</subfield>
    <subfield code="o">AGR NAS 2019 B1.590 Or.</subfield>
    <subfield code="p">a069968</subfield>
    <subfield code="r">2022-10-10</subfield>
    <subfield code="w">2022-10-10</subfield>
    <subfield code="y">AGR</subfield>
  </datafield>
  <datafield tag="952" ind1=" " ind2=" ">
    <subfield code="0">0</subfield>
    <subfield code="1">0</subfield>
    <subfield code="2">ddc</subfield>
    <subfield code="4">0</subfield>
    <subfield code="6">AGR_NAS_2019_000000000000000_B1_590_OR</subfield>
    <subfield code="7">0</subfield>
    <subfield code="9">91724</subfield>
    <subfield code="a">LBB</subfield>
    <subfield code="b">LBB</subfield>
    <subfield code="c">B1.590</subfield>
    <subfield code="d">2022-10-10</subfield>
    <subfield code="l">1</subfield>
    <subfield code="o">AGR NAS 2019 B1.590 Or.</subfield>
    <subfield code="p">a070016</subfield>
    <subfield code="r">2023-07-28</subfield>
    <subfield code="s">2023-07-14</subfield>
    <subfield code="w">2022-10-10</subfield>
    <subfield code="y">AGR</subfield>
  </datafield>
  <datafield tag="952" ind1=" " ind2=" ">
    <subfield code="0">0</subfield>
    <subfield code="1">0</subfield>
    <subfield code="2">ddc</subfield>
    <subfield code="4">0</subfield>
    <subfield code="6">AGR_NAS_2019_000000000000000_B1_590_OR</subfield>
    <subfield code="7">0</subfield>
    <subfield code="9">91725</subfield>
    <subfield code="a">LBB</subfield>
    <subfield code="b">LBB</subfield>
    <subfield code="c">B1.590</subfield>
    <subfield code="d">2022-10-10</subfield>
    <subfield code="o">AGR NAS 2019 B1.590 Or.</subfield>
    <subfield code="p">a070028</subfield>
    <subfield code="r">2022-10-10</subfield>
    <subfield code="w">2022-10-10</subfield>
    <subfield code="y">AGR</subfield>
  </datafield>
  <datafield tag="952" ind1=" " ind2=" ">
    <subfield code="0">0</subfield>
    <subfield code="1">0</subfield>
    <subfield code="2">ddc</subfield>
    <subfield code="4">0</subfield>
    <subfield code="6">AGR_NAS_2019_000000000000000_B1_590_OR</subfield>
    <subfield code="7">0</subfield>
    <subfield code="9">91726</subfield>
    <subfield code="a">LBB</subfield>
    <subfield code="b">LBB</subfield>
    <subfield code="c">B1.590</subfield>
    <subfield code="d">2022-10-10</subfield>
    <subfield code="o">AGR NAS 2019 B1.590 Or.</subfield>
    <subfield code="p">a069908</subfield>
    <subfield code="r">2022-10-10</subfield>
    <subfield code="w">2022-10-10</subfield>
    <subfield code="y">AGR</subfield>
  </datafield>
  <datafield tag="952" ind1=" " ind2=" ">
    <subfield code="0">0</subfield>
    <subfield code="1">0</subfield>
    <subfield code="2">ddc</subfield>
    <subfield code="4">0</subfield>
    <subfield code="6">AGR_NAS_2019_000000000000000_B1_590_OR</subfield>
    <subfield code="7">0</subfield>
    <subfield code="9">91727</subfield>
    <subfield code="a">LBB</subfield>
    <subfield code="b">LBB</subfield>
    <subfield code="c">B1.590</subfield>
    <subfield code="d">2022-10-10</subfield>
    <subfield code="o">AGR NAS 2019 B1.590 Or.</subfield>
    <subfield code="p">a070040</subfield>
    <subfield code="r">2022-10-10</subfield>
    <subfield code="w">2022-10-10</subfield>
    <subfield code="y">AGR</subfield>
  </datafield>
</record>
